000 00198 a2200097 4500
020 _a9781484786970
041 _aspa
100 _aWillems. Mo
245 _aTienes un pajaro en la Cabeza
942 _cBK
999 _c30436
_d30434